LAUTECH

(Record no. 9180)

MARC details
000 -LEADER
fixed length control field 00227nam a2200097Ia 4500
008 - FIXED-LENGTH DATA ELEMENTS--GENERAL INFORMATION
fixed length control field 120527s9999 xx 000 0 und d
100 ## - MAIN ENTRY--AUTHOR
Author Goldberg,L.
245 ## - TITLE STATEMENT
Remainder of title Massage and aromatheraphy.
260 ## - PUBLICATION, DISTRIBUTION, ETC. (IMPRINT)
Name of publisher Stanley,Thomas
942 ## - ADDED ENTRY ELEMENTS (KOHA)
Item type Books

No items available.